Hypnosis and related states ; (Record no. 29756)
[ view plain ]
| 000 -LEADER | |
|---|---|
| fixed length control field | 01025nam a22003011 4500 |
| 001 - CONTROL NUMBER | |
| control field | 29756 |
| 003 - CONTROL NUMBER IDENTIFIER | |
| rucl marc code | BD-RjUL |
| 005 - DATE AND TIME OF LATEST TRANSACTION | |
| control field | 20211209051444.0 |
| 008 - FIXED-LENGTH DATA ELEMENTS--GENERAL INFORMATION | |
| fixed length control field | 140407s1959 nyu b 001 0 eng |
| 035 ## - SYSTEM CONTROL NUMBER | |
| System control number | (BD-RjUL)29841 |
| System control number | (OCoLC)224251 |
| 040 ## - CATALOGING SOURCE | |
| Original cataloging agency | DLC |
| Transcribing agency | ODaWU |
| Modifying agency | OCoLC |
| -- | NjSoVA |
| -- | OCoLC |
| -- | Uk |
| -- | DLC |
| -- | BD-RjUL |
| Language of cataloging | eng |
| 041 ## - LANGUAGE CODE | |
| Language code of text/sound track or separate title | eng |
| 082 00 - DEWEY DECIMAL CLASSIFICATION NUMBER | |
| Classification number | 134 |
| Author mark and year | GIH 1959 |
| 100 1# - MAIN ENTRY--PERSONAL NAME | |
| Personal name | Gill, Merton M. |
| Fuller form of name | (Merton Max), |
| Dates associated with a name | 1914-1994. |
| 9 (RLIN) | 90591 |
| 245 10 - TITLE STATEMENT | |
| Title | Hypnosis and related states ; |
| Remainder of title | psychoanalytic studies in regression / |
| Statement of responsibility, etc. | by Merton M. Gill and Margaret Brenman. |
| 260 ## - PUBLICATION, DISTRIBUTION, ETC. (IMPRINT) | |
| Place of publication, distribution, etc. | New York : |
| Name of publisher, distributor, etc. | International Universities Press, |
| Date of publication, distribution, etc. | c1959. |
| 300 ## - PHYSICAL DESCRIPTION | |
| Pagination | 405 p. ; |
| Size | 23 cm. |
| 490 #0 - SERIES STATEMENT | |
| Series statement | Austen Riggs Center monograph ; |
| Volume/sequential designation | no. 2 |
| 504 ## - BIBLIOGRAPHY, ETC. NOTE | |
| Bibliography, etc | Includes bibliography and index. |
| 650 #0 - SUBJECT ADDED ENTRY--TOPICAL TERM | |
| Topical term or geographic name as entry element | Hypnotism. |
| 9 (RLIN) | 90592 |
| Topical term or geographic name as entry element | Regression (Psychology) |
| 9 (RLIN) | 90593 |
| Topical term or geographic name as entry element | Hypnotism |
| General subdivision | Therapeutic use. |
| 9 (RLIN) | 4348 |
| 700 1# - ADDED ENTRY--PERSONAL NAME | |
| Personal name | Brenman, Margaret, |
| Relator term | joint author. |
| 942 ## - ADDED ENTRY ELEMENTS (KOHA) | |
| Source of classification or shelving scheme | Dewey Decimal Classification |
| Koha item type | Books |
| Lost status | Source of classification or shelving scheme | Damaged status | Not for loan | Collection code | Permanent Location | Current Location | Shelving location | Date acquired | Source of acquisition | Cost, normal purchase price | Total Checkouts | Full call number | Date last seen | Copy number | Koha item type |
|---|---|---|---|---|---|---|---|---|---|---|---|---|---|---|---|
| Dewey Decimal Classification | Added to bundle | Non-fiction | Central Library, University of Rajshahi | Central Library, University of Rajshahi | Reading Room | 03/11/1965 | Zeit | 53.80 | 134 GIH 1959 | 07/04/2014 | C-1 | Books |